header

Major mental handicap (Record no. 78287)

MARC details
000 -LEADER
fixed length control field 01631nam a2200385 a 4500
082 04 - DEWEY DECIMAL CLASSIFICATION NUMBER
Classification number 618.9/28/58805
245 10 - TITLE STATEMENT
Title Major mental handicap
260 ## - PUBLICATION, DISTRIBUTION, ETC. (IMPRINT)
Place of publication Amsterdam ;
-- New York :
Name of publisher Elsevier/Excerpta Medica/North-Holland,
Year of publication 1978.
300 ## - PHYSICAL DESCRIPTION
Number of Pages viii, 226 p. :
Other physical details ill.
490 1# - SERIES STATEMENT
Series statement Ciba Foundation symposium ;
650 #0 - SUBJECT ADDED ENTRY--TOPICAL TERM
Topical Term Mental retardation
Topical Term Mental retardation
Topical Term Neonatal intensive care
Topical Term Prenatal care
Topical Term Mental retardation
856 40 - ELECTRONIC LOCATION AND ACCESS
Uniform Resource Identifier http://site.ebrary.com/lib/rucke/Doc?id=10575683

No items available.

© 2026 Rongo University
Contact us: librarian | system librarian | Rongo university